| 000 | 00689nam a22001817a 4500 | ||
|---|---|---|---|
| 999 |
_c185562 _d185562 |
||
| 005 | 20220204110545.0 | ||
| 010 | _aENG-131399 | ||
| 020 |
_a9789389552317 _c1129.00 |
||
| 035 | _aEN-114931 | ||
| 037 | _bDBAD | ||
| 082 | _a004.076 | ||
| 100 | _aSoper, Mark Edward | ||
| 245 |
_aIT FUNDAMENTALS+ FCO-U61: _bCert Guide Lern, Prepare, and practice for exam success/ _cMark Edward Soper |
||
| 260 |
_aUttar Pradesh _bPearson India Education Services Pvt. Ltd _c2022 |
||
| 270 |
_a15th Floor, Tower-B, World Trade, Plot No. 1, Block-C, Sector 16, _bNoida _e201301 _mcompanysecretary.india@pearson.com |
||
| 300 |
_a810p. _bIndex _c24cm(pbk) |
||
| 942 |
_2ddc _cEN _h004.076 _mSOP |
||